Procedimiento penal colombiano: comentarios teórico-prácticos al código y a las leyes que lo reforman

محفوظ في:
التفاصيل البيبلوغرافية
المؤلف الرئيسي: Rivas Sacconi, Jesús Medardo (autor)
التنسيق: كتاب
اللغة:الإسبانية
منشور في: Bogotá, Colombia Universidad Nacional de Colombia 1956
الموضوعات:
الوسوم: إضافة وسم
لا توجد وسوم, كن أول من يضع وسما على هذه التسجيلة!

MARC

LEADER 00000nam a2200000 a 4500
001 UCS1005
003 CL-VaPUC
005 20210701001212.0
008 970506e19560000CK |||||||||||||||||spa|d
999 |c 259116  |d 259114 
040 |c Pontificia Universidad Católica de Valparaíso 
082 0 4 |a 345.861  |b RIV  |2 21 
100 0 |a Rivas Sacconi, Jesús Medardo  |e autor  |9 384980 
245 1 0 |a Procedimiento penal colombiano: comentarios teórico-prácticos al código y a las leyes que lo reforman 
260 0 3 |a Bogotá, Colombia  |b Universidad Nacional de Colombia  |c 1956 
300 |a 320 páginas 
583 |a last modification  |c 19970506 00:00:00  |k Rodrigo Vera 
650 0 |a Derecho procesal penal  |9 255496 
650 0 |a Procedimiento penal  |9 254974 
650 0 |a Acción penal  |9 254970 
650 0 |a Acción civil  |9 384857 
650 0 |a Ministerio público  |9 332891 
650 0 |a Sentencias  |9 256250 
650 0 |a Nulidad procesal   |9 336734 
942 |c BK  |2 ddc 
945 |d 19970506 00:00:00  |a paguirre 
952 |0 0  |1 0  |2 ddc  |4 0  |6 345_861000000000000_RIV_1956  |7 0  |8 A  |9 283682  |a BIBDER  |b BIBDER  |d 2019-11-19  |i 1841289  |o 345.861 RIV 1956  |p 1841289  |r 2023-01-25  |t 1  |w 2019-11-19  |y BK  |k DER